000 00755nam a2200181Ia 4500
008 100920s9999 xx 000 0 und d
082 _b55853
_a51 थ 89
100 _aदेशपांडे शशिकांत.
245 _aकर्तृत्वाचा महामेरू डॉ. हेडगेवार.
260 _bचंद्रकला प्रकाशन, पुणे.
_c1989
300 _a104
_bसाधी
365 _b30
520 _aचरित्र.
630 _aकर्तृत्वाचा महामेरू डॉ. हेडगेवार.
650 _aचरित्र.
730 _aकर्तृत्वाचा महामेरू डॉ. हेडगेवार.
942 _cBOOK
999 _c700159
_d700156